| 000 | 00946nas a2200253 454500 | ||
|---|---|---|---|
| 001 | 43756 | ||
| 005 | 20260407193511.0 | ||
| 008 | 260407s2001####ag###########|||spa#d | ||
| 003 | AR-UNSa-BCEJYS | ||
| 040 |
_aAR-UNSa-BCEJYS _bspa _cAR-UNSa-BCEJYS |
||
| 080 |
_a330(82) _xEconomia Argentina |
||
| 245 | 1 | 0 | _aFacultad de Ciencias Económicas |
| 022 | _a1515-6311 | ||
| 264 | 1 |
_aBuenos Aires : _bUADE (Universidad Argentina de la Empresa) _c2001 |
|
| 310 | _aFrecuencia: Irregular Varia el Nº de ISSN con todas las publicaciones | ||
| 041 | _aspa | ||
| 942 | _cSER | ||
| 590 | _aniveau_biblio:s niveau_hierar:1 | ||
| 100 | 1 | _aUniversidad Argentina de la Empresa. Facultad de Ciencias Económicas. Departamento de Economía y Finanzas | |
| 650 | _aIndustria de la construcción | ||
| 650 | _aECONOMIA | ||
| 650 | _aINDICADORES ECONOMICOS | ||
| 856 | 4 | 1 |
_uhttps://biblioeco.unsa.edu.ar/pmb/images/revistas/R21370.jpg _yImagen de portada _qimage/jpeg |
| 999 |
_c8913 _d8913 |
||